| 000 | 01508nam a2200253 a 4500 | ||
|---|---|---|---|
| 001 | 79630 | ||
| 003 | BD-RjUL | ||
| 005 | 20221219130741.0 | ||
| 008 | 220329s2007 bg ||||| m||| 00| 0 ben d | ||
| 035 | _a(BD-RjUL)79630 | ||
| 040 |
_aBD-RjUL _bben/eng _cBD-RjUL _dBD-RjUL |
||
| 041 | _aben | ||
| 082 |
_223 _a891.44109 _bCHB 2007 |
||
| 100 |
_aচক্রবর্তী, ফাল্গুনী রানী _92112 |
||
| 245 | 1 | 0 |
_aবাংলাদেশের কবিতায় সমাজ ও রাজনীতি ভাবনা (১৯৪৭-৭১) : _cফাল্গুনী রানী চক্রবর্তী ; _6তত্ত্বাবধায়ক : মো: শহীদ ইকবাল |
| 260 |
_aরাজশাহী : _bবাংলা বিভাগ,রাজশাহী বিশ্ববিদ্যালয়, _c২০০৭ |
||
| 300 |
_a[১], v, ১৬১ পাতা ; _c২৯ সেমি. |
||
| 502 | _aথিসিস (পিএইচ. ডি.)-- বাংলা বিভাগ, রাজশাহী বিশ্ববিদ্যালয়, ২০০৭ | ||
| 504 | _aগ্রন্থপঞ্জি: পাতা ১৫৮-১৬১ | ||
| 650 |
_aবাংলা কবিতা _vইতিহাস ও সমালোচনা _y১৯৪৭-৭১ _92113 |
||
| 650 |
_aBengali poetry _vHistory and Criticism _y1947-71 _92114 |
||
| 700 |
_aইকবাল, মো: শহীদ, তত্ত্বাবধায়ক _92101 |
||
| 942 |
_2ddc _cTHE |
||
| 999 |
_c79630 _d79630 |
||